Piłka Nożna Kluby z najwiekszym budżetem 2024 - Statystyki

Ogólne statystyki
  • Ten quiz został rozwiązany 322 razy
  • Średni wynik to 15 z 20
Statystyki odpowiedzi
Liga Odpowiedź % Poprawnych
2 Laliga Real Madryt
99%
6 Premier League Manchester City
95%
5 Bundesliga Bayern
94%
16 Serie A Inter
92%
4 Premier League Liverpool
92%
7 Ligue 1 Psg
92%
3 Laliga Barcelona
91%
1 Premier League Manchester United
89%
8 Premier League Arsenal
86%
10 Premier League Chelsea
85%
11 Serie A Juventus
84%
13 Laliga Atletico Madryt
82%
12 Bundesliga Borussia Dortmund
78%
18 MLS Inter Miami
78%
9 Premier League Tottenham
74%
14 Serie A Milan
73%
19 MLS La Galaxy
41%
15 MLS Los Angeles
32%
20 MLS New york
21%
17 MLS Atlanta United
12%
Nie znaleziono quizów pasujących do podanych kryteriów
Rozkład punktacji
Procent ludzi z każdym wynikiem
Percentyl według liczby udzielonych odpowiedzi
Twoja historia wyników
Nie rozwiązałeś tego quizu